000
00291nam a2200109Ia 4500
008
230907s9999||||xx |||||||||||||| ||und||
082
_a
333.7940943,ROE
100
_a
Roehrkasten, Sybille,
_9
115182
245
0
_a
Global governance on renewable energy :
300
_a
312 pages :
942
_c
BK
999
_c
597780
_d
597780